000 00298nam a2200133Ia 4500
100 _aUnterweiser P. W.
942 _cBK
654 _ahandbook
245 _aForging design handbook
260 _bAmerican Society for metals
_aOhio
_c1972
082 _a671.332
300 _a308
546 _aENGLISH
999 _c27730
_d27730